000 01164nam a22002537a 4500
005 20080905121451.0
008 080905t xxu||||| |||| 00| 0 hin d
010 _aHIN-92870
020 _c400.00
_a9788190862349
035 _aHN-65216
037 _bDBAD / PUB
040 _aDPL
_bHN
082 _a821.08
100 _aशर्मा, पार्वती
_928442
245 _aरीतिकालीन नीतिकाव्य में लोक-संस्कृति /
_cपार्वती शर्मा
246 _areetikaleen neetikavya mein Lok Sanskriti
_bby Parvati Sharma
260 _aदिल्ली
_bउपहार प्रकाशन
_c2010
270 _aब्लाक 29, म.न.61ए, विश्वास नगर
_bदिल्ली
_e110032
300 _a224पृ
_c22सेमी (सजिल्द)
650 _928443
650 _928455
942 _adpl
_cHN
_2ddc
_mशर्मापा
_h821.09
999 _c52785
_d52785